| 000 | 00649nam a2200169 a 4500 | ||
|---|---|---|---|
| 001 | 000043018 | ||
| 005 | 20201002040557.0 | ||
| 008 | 140217s1994 enkac 000 0 spa d | ||
| 020 | _a1564584836 | ||
| 040 |
_aDO-SdBNP _bspa _cBNPHU |
||
| 082 |
_axxxx _bxxxx |
||
| 100 | 1 |
_aLaird, Walter _970539 |
|
| 245 | 1 | 0 |
_aThe ballroom dance pack / _cWalter Laird. |
| 260 |
_aLondon : _bDorling Kindersley, _c1994. |
||
| 300 |
_a80 p. : _bil., retrs., + 1 sound disc (digital ; 4 3/4 in.). ; _c29 cm. |
||
| 505 | 0 |
_aHoww to use the pach -- _tballroom dance- an introduction -- _tThe waltz -- _tThe quickstep -- _tThe tango -- _tThe cha cha -- _tThe samba -- _tThe rumba -- |
|
| 999 |
_c42507 _d42507 |
||